Online Catalogue and eLibrary

Ulakath thamiliyakka aaivu kovai (Record no. 3746)

MARC details
000 -LEADER
fixed length control field 00377nam a2200145Ia 4500
005 - DATE AND TIME OF LATEST TRANSACTION
control field 20250405181247.0
008 - FIXED-LENGTH DATA ELEMENTS--GENERAL INFORMATION
fixed length control field 240331s9999 xx 000 0 und d
082 ## - DDC Classification
Item Number - Author Mark SAT
Class No. 894
100 ## - MAIN ENTRY--PERSONAL NAME
Personal name Sathasivam, M
245 #0 - TITLE STATEMENT
Title Ulakath thamiliyakka aaivu kovai
260 ## - PUBLICATION, DISTRIBUTION, ETC.
Place of publication, distribution, etc. Irodu
Name of publisher, distributor, etc. Ulaga thamilyagam
Date of publication, distribution, etc. 2004
300 ## - PHYSICAL DESCRIPTION
Extent (e.g. Volumes, Pages etc.) 264 p .,
500 ## - GENERAL NOTE
General note Pechutamil karutharagu kadoorai
942 ## - Koha item type (Biblio)
Koha item type Books in Stacks (Lending)
Holdings
Lost status Damaged status Collection code Home library Current library Shelving location Date acquired Full call number Accession Number Item type
    Lending WERC Library WERC Library Social Science Cupboard 03/31/2024 894.811 SAT 1973 Books in Stacks (Lending)

© WERC Library